|
|
|
|
| LEADER |
00000naa2a2200000 4500 |
| 001 |
419819 |
| 005 |
20231101073318.0 |
| 035 |
|
|
|a (RuTPU)RU\TPU\prd\77277
|
| 035 |
|
|
|a RU\TPU\prd\14399
|
| 090 |
|
|
|a 419819
|
| 100 |
|
|
|a 20100227a2003 k y0rusy50 ca
|
| 101 |
0 |
|
|a rus
|
| 102 |
|
|
|a RU
|
| 200 |
1 |
|
|a Симметрия и законы сохранения уравнения Дирака в римановом пространстве
|f О. В. Шаповалова
|
| 225 |
1 |
|
|a Физика элементарных частиц и теория поля
|
| 320 |
|
|
|a Библиогр.: 2 назв.
|
| 461 |
|
1 |
|0 (RuTPU)RU\TPU\prd\191
|x 0021-3411
|t Известия вузов. Физика
|f Министерство общего и профессионального образования Российской Федерации ; Томский Госуниверситет
|d 1958-
|
| 463 |
|
1 |
|0 (RuTPU)RU\TPU\prd\77272
|t Т. 46, № 3
|v с. 30-33
|d 2003
|
| 610 |
1 |
|
|a симметрия
|
| 610 |
1 |
|
|a уравнения Дирака
|
| 610 |
1 |
|
|a законы сохранения
|
| 610 |
1 |
|
|a римановое пространство
|
| 610 |
1 |
|
|a электроны
|
| 610 |
1 |
|
|a безмассовые частицы
|
| 610 |
1 |
|
|a конформные пространства
|
| 675 |
|
|
|a 530.145
|v 3
|
| 700 |
|
1 |
|a Шаповалова
|b О. В.
|
| 801 |
|
1 |
|a RU
|b 63413507
|c 20030528
|g PSBO
|
| 801 |
|
2 |
|a RU
|b 63413507
|c 20101028
|g RCR
|
| 942 |
|
|
|c BK
|